Ochrana česneku před chorobami a škůdci je opodstatněná

Bibliographic Details
Main Author: Janýška, Antonín, 1926-2001 (Author)
Format: Article
Language:Czech
PhysicalDescription:Obr. 3.
Subjects:

MARC

LEADER 00000nab a2200000 a 4500
001 vtls000362091
003 SK-MaSNL
005 20260304033958.0
008 160202c1989 xo 0 cze
015 |a SNBRB19rr/mm-uuuuu 
035 |a CL0362213 
040 |a SNKBUCL  |b slo  |c SNKBUCL  |e AACR2 
041 0 |a cze 
044 |a xo  |c SK 
080 |a 632.1/.9:635.26  |2 1981 
080 |a 635.26  |2 1981 
080 |a 632.1/.9  |2 1981 
100 1 |a Janýška, Antonín,  |d 1926-2001  |4 aut  |9 5847 
245 1 0 |a Ochrana česneku před chorobami a škůdci je opodstatněná  |c Antonín Janýška 
300 |b Obr. 3. 
650 0 7 |a choroby rastlín  |2 snkbucl  |9 3634 
650 0 7 |a škodcovia rastlín  |2 snkbucl  |9 4062 
650 0 7 |a cesnak  |2 snkbucl  |9 2713 
655 7 |a články z novín a časopisov  |2 snkbucl  |9 267496 
773 0 |t Záhradníctvo  |g Roč. 14, č. 8 (1989), s. 361-363 
850 |a Slovenská národná knižnica v Martine  |a MTA001 
852 |a SNK  |b KIS3GCP 
958 |a RK 
958 |a CZ 
992 |a RBX 
999 |c 2650721  |d 2652651